| 000 | 00714nam a2200229Ia 4500 | ||
|---|---|---|---|
| 003 | GCL | ||
| 008 | 140319s9999 xx 000 0 ara d | ||
| 040 |
_aGCL / _cGCL |
||
| 082 | 0 | 4 |
_aق _b910.0262 _bغ ص |
| 100 | 1 | _aعبدالحليم منتصر | |
| 245 | 1 | 0 |
_aصحارى مصر / _cعبدالحليم منتصر |
| 700 | 1 | _aمحمد عبدالفتاح القصاص | |
| 300 | _a140 ص | ||
| 490 |
_aالالف كتاب _v0 |
||
| 650 | 0 | 4 | _aالصحارى |
| 650 | 0 | 4 | _aالواحات |
| 650 | 0 | 4 | _aمصر - الجغرافيا الطبيعية |
| 650 | 0 | 4 | _aالصحارى - مصر |
| 650 | 0 | 4 | _aالصحارى - مصر -المناخ |
| 650 | 0 | 4 | _aالنباتات الصحراوية |
| 942 |
_2ddc _cBK |
||
| 999 |
_c50622 _d50622 |
||